000 01373cam a2200325 a 4500
001 14959221
005 20071231105437.0
008 070809s2008 ne a b 001 0 eng
010 _a 2007032978
020 _a9780750685634 (pbk. : alk. paper)
035 _a(OCoLC)ocn163708087
035 _a(OCoLC)163708087
040 _aDLC
_cDLC
_dBAKER
_dYDXCP
_dBTCTA
_dC#P
_dDLC
050 0 0 _aTA357
_b.T835 2008
082 0 0 _a620.106
_222
_bTUJ
100 1 _aTu, Jiyuan.
_95583
245 1 0 _aComputational fluid dynamics :
_bA practical approach /
_cJiyuan Tu, Guan Heng Yeoh, Chaoqun Liu.
260 _aAmsterdam :
_bButterworth-Heinemann,
_cc2008.
300 _axv, 459 p. :
_bill. ;
_c24 cm.
504 _aIncludes bibliographical references and index.
650 0 _aFluid dynamics.
_95584
650 0 _aHeat
_xTransmission.
_95585
650 0 _aTurbulence.
_95586
700 1 _aYeoh, Guan Heng.
_95587
700 1 _aLiu, Chaoqun.
_95588
856 4 2 _3Publisher description
_uhttp://www.loc.gov/catdir/enhancements/fy0806/2007032978-d.html
942 _2ddc
_cBB
999 _c11682
_d11682